The Heart of Islam : (Record no. 351936)
[ view plain ]
| 000 -LEADER | |
|---|---|
| fixed length control field | 00534nam a22001937a 4500 |
| 003 - CONTROL NUMBER IDENTIFIER | |
| control field | OSt |
| 005 - DATE AND TIME OF LATEST TRANSACTION | |
| control field | 20180116183058.0 |
| 008 - FIXED-LENGTH DATA ELEMENTS--GENERAL INFORMATION | |
| fixed length control field | 161124b xxu||||| |||| 00| 0 eng d |
| 020 ## - INTERNATIONAL STANDARD BOOK NUMBER | |
| International Standard Book Number | 9695190804 |
| 040 ## - CATALOGING SOURCE | |
| Transcribing agency | 0 |
| 082 ## - DEWEY DECIMAL CLASSIFICATION NUMBER | |
| Classification number | 297 NAS 2004 |
| 100 ## - MAIN ENTRY--PERSONAL NAME | |
| Personal name | Nasr,Seyyed Hossein |
| 245 ## - TITLE STATEMENT | |
| Title | The Heart of Islam : |
| Remainder of title | Enduring Values For Humanity |
| Statement of responsibility, etc. | Seyyed Hossein Nasr |
| 260 ## - PUBLICATION, DISTRIBUTION, ETC. | |
| Place of publication, distribution, etc. | Lahore |
| Name of publisher, distributor, etc. | Suhail Academy |
| Date of publication, distribution, etc. | 2004 |
| 300 ## - PHYSICAL DESCRIPTION | |
| Extent | 338p. |
| Other physical details | HB. |
| 440 ## - SERIES STATEMENT/ADDED ENTRY--TITLE | |
| Title | The Heart of Islam :Enduring Values For Humanity |
| 500 ## - GENERAL NOTE | |
| General note | HB. |
| 942 ## - ADDED ENTRY ELEMENTS (KOHA) | |
| Source of classification or shelving scheme | |
| Koha item type | Book |
| Withdrawn status | Lost status | Source of classification or shelving scheme | Damaged status | Not for loan | Collection code | Permanent Location | Current Location | Shelving location | Date acquired | Total Checkouts | Total Renewals | Full call number | Barcode | Date last seen | Price effective from | Koha item type |
|---|---|---|---|---|---|---|---|---|---|---|---|---|---|---|---|---|
| Central Library (CL) | Central Library (CL) | General Stacks | 11/24/2016 | 3 | 297 NAS 2004 | NBSD-1308 | 09/16/2024 | 11/24/2016 | Book |
